000 01440cab a2200265 4500
001 ABS57969
008 090401t1997 xxu||||| |||| 00| 0 eng d
035 _a(Sirsi) u82004
041 _aeng
245 _aCity of Edinburgh Council v SoS Scotland; Revival Properties Ltd v SoS Scotland
260 _c1997
350 _a0
490 _aWeekly Law Reports
_v(1997) 1 WLR 1447-1465(19)
520 _aHL 16 October 1997. Applicants sought planning permission for development of food store and petrol filling station, also listed building consent for demolition of riding school building on site. Both refused by local authority. A appealed to SoS. Listed building named in register, found to be different from existing building, no consent was necessary. Under Town and Country Planning (Scotland) Act 1972 s18A, other material considerations should be taken into account. Planning permission granted. Second division of court allowed appeal by local authority. Appeal dismissed.
650 _aEDINBURGH CITY COUNCIL AND ANOTHER V SOS SCOTLAND
650 _aEDINBURGH CITY COUNCIL AND ANOTHER V REVIVAL PROPERTIES LTD
650 _aCITY OF EDINBURGH V SOS SCOTLAND
650 _aLISTED BUILDING
650 _aPLANNING PERMISSION
650 _aREVIVAL PROPERTIES LTD V SOS SCOTLAND
650 _aTOWN AND COUNTRY PLANNING (SCOTLAND) ACT 1972 S18A
690 _aPLANNING LAW AND PRACTICE
942 _n0
948 _c11/11/1997
999 _c51713
_d51713